[Event "Nova Gorica op 22nd"]
[Site "Nova Gorica"]
[Date "2017.01.28"]
[Round "2"]
[White "Muzzolini, Claudio"]
[Black "Kobal, Silvester"]
[Result "1-0"]
[WhiteElo "1709"]
[BlackElo "1416"]
[PlyCount "63"]
[EventDate "2017.01.27"]
[EventType "swiss"]
[EventRounds "9"]
[EventCountry "SLO"]
[SourceTitle "CBM 176 Extra"]
[Source "ChessBase"]
[SourceDate "2017.03.02"]
[SourceVersion "1"]
[SourceVersionDate "2017.03.02"]
[SourceQuality "1"]

1. e4 e6 2. Nc3 d5 3. exd5 exd5 4. d4 Nf6 5. Bd3 Be7 6. Nge2 0-0 7. 0-0 Be6 8. Nf4 Bg4 9. f3 Bc8 10. Re1 c6 11. Nce2 Bd6 12. g3 b6 13. Qd2 Ba6 14. Bxa6 Nxa6 15. c3 Qd7 16. Kg2 Nc7 17. Qd3 Rfe8 18. Bd2 h6 19. Nh3 Re7 20. Bf4 Rae8 21. Bxd6 Qxd6 22. Qd2 Qe6 23. Nef4 Qf5 24. g4 Qd7 25. Rxe7 Rxe7 26. Re1 Kf8 27. Rxe7 Qxe7 28. Nd3 Nd7 29. Kg3 Nb5 30. Qf4 Qe2 31. Nhf2 f6 32. a4 1-0

[Event "Nova Gorica op 21st"]
[Site "Nova Gorica"]
[Date "2016.02.04"]
[Round "9"]
[White "Dajcman, Nikolaj"]
[Black "Muzzolini, Claudio"]
[Result "1/2-1/2"]
[WhiteElo "1408"]
[BlackElo "1757"]
[PlyCount "128"]
[EventDate "2016.01.29"]
[EventType "swiss"]
[EventRounds "9"]
[EventCountry "SLO"]
[SourceTitle "CBM 170 Extra"]
[Source "ChessBase"]
[SourceDate "2016.02.25"]
[SourceVersion "1"]
[SourceVersionDate "2016.02.25"]
[SourceQuality "1"]

1. e4 e5 2. Nf3 Nc6 3. d4 exd4 4. Nxd4 Qf6 5. Be3 Nxd4 6. Qxd4 Qxd4 7. Bxd4 Ne7 8. Nd2 Nc6 9. Bc3 f6 10. 0-0-0 a6 11. Bd3 b5 12. b3 Bb4 13. Bb2 0-0 14. Rhe1 Bb7 15. f3 Ne5 16. Bf1 Rfd8 17. Bxe5 fxe5 18. Re3 c6 19. Nb1 Be7 20. Red3 d6 21. Nc3 a5 22. Ne2 Rac8 23. Ng3 g6 24. Re1 Bg5+ 25. Kb1 c5 26. Red1 Be7 27. R3d2 c4 28. bxc4 bxc4 29. c3 Ba6 30. Rb2 Rb8 31. Rxb8 Rxb8+ 32. Kc2 a4 33. Rd5 Kg7 34. Ra5 Bb5 35. Be2 Kf6 36. Nf1 Bd8 37. Ra7 h5 38. Nd2 Bb6 39. Rh7 Bg1 40. h3 a3 41. Bxc4 Bxc4 42. Nxc4 Bc5 43. g4 hxg4 44. hxg4 Kg5 45. Rf7 Rh8 46. Rb7 Rh2+ 47. Kb3 Rh1 48. Nxa3 Kf6 49. Nb5 Rf1 50. a4 Rb1+ 51. Ka2 Rf1 52. a5 Rxf3 53. a6 Rf2+ 54. Kb3 Rf1 55. Rb8 Ra1 56. Ra8 Kg5 57. a7 Kxg4 58. Rg8 Bxa7 59. Rxg6+ Kf4 60. Nxd6 Bb8 61. c4 Bxd6 62. Rxd6 Kxe4 63. c5 Kf5 64. c6 Rc1 1/2-1/2

[Event "Nova Gorica op 21st"]
[Site "Nova Gorica"]
[Date "2016.01.31"]
[Round "4"]
[White "Tica, Sven"]
[Black "Muzzolini, Claudio"]
[Result "1-0"]
[WhiteElo "2187"]
[BlackElo "1757"]
[PlyCount "57"]
[EventDate "2016.01.29"]
[EventType "swiss"]
[EventRounds "9"]
[EventCountry "SLO"]
[SourceTitle "CBM 170 Extra"]
[Source "ChessBase"]
[SourceDate "2016.02.25"]
[SourceVersion "1"]
[SourceVersionDate "2016.02.25"]
[SourceQuality "1"]

1. Nf3 d5 2. c4 e6 3. d4 Nf6 4. Nc3 c6 5. e3 Nbd7 6. Be2 dxc4 7. Bxc4 b5 8. Bd3 Bb4 9. 0-0 Bb7 10. e4 h6 11. Bc2 Qc7 12. Bd2 0-0-0 13. e5 Bxc3 14. bxc3 Nd5 15. a4 a6 16. Qe2 N7b6 17. Bb3 g5 18. c4 bxc4 19. Bxc4 Nxc4 20. Qxc4 Nb6 21. Qb3 Rd5 22. Rfc1 Nd7 23. Be3 Qb6 24. Qa3 Kb8 25. Nd2 Ka8 26. Rab1 Qc7 27. Nc4 Rb8 28. Qe7 Rf8 29. Nb6+ 1-0

[Event "Nova Gorica op 21st"]
[Site "Nova Gorica"]
[Date "2016.01.29"]
[Round "1"]
[White "Muzzolini, Claudio"]
[Black "Brilej, Jaka"]
[Result "0-1"]
[WhiteElo "1757"]
[BlackElo "1835"]
[PlyCount "60"]
[EventDate "2016.01.29"]
[EventType "swiss"]
[EventRounds "9"]
[EventCountry "SLO"]
[SourceTitle "CBM 170 Extra"]
[Source "ChessBase"]
[SourceDate "2016.02.25"]
[SourceVersion "1"]
[SourceVersionDate "2016.02.25"]
[SourceQuality "1"]

1. e4 c5 2. c3 Nf6 3. d3 Nc6 4. Nf3 e5 5. Bg5 Be7 6. Nbd2 d6 7. h3 Be6 8. Be2 0-0 9. g4 Ne8 10. Be3 Nc7 11. c4 Nd4 12. Bf1 b5 13. Bg2 Rb8 14. b3 a6 15. Nf1 bxc4 16. dxc4 a5 17. N1d2 Na6 18. a3 Bd7 19. Rb1 a4 20. Bxd4 cxd4 21. b4 Qc7 22. Rc1 Rfe8 23. 0-0 Ra8 24. Qe2 Nb8 25. Ne1 Be6 26. f4 f6 27. Qd3 Nd7 28. f5 Bf7 29. Bf3 Nb6 30. Be2 Qb7 0-1

[Event "Nova Gorica op-A 20th"]
[Site "Nova Gorica"]
[Date "2015.02.04"]
[Round "8"]
[White "Vasiljevic, Jan"]
[Black "Muzzolini, Claudio"]
[Result "0-1"]
[WhiteElo "1507"]
[BlackElo "1765"]
[PlyCount "42"]
[EventDate "2015.01.30"]
[EventType "swiss"]
[EventRounds "9"]
[EventCountry "SLO"]
[SourceTitle "CBM 164 Extra"]
[Source "ChessBase"]
[SourceDate "2015.03.02"]
[SourceVersion "1"]
[SourceVersionDate "2015.03.02"]
[SourceQuality "1"]

1. e4 e5 2. Nf3 Nf6 3. Nxe5 d6 4. Nf3 Nxe4 5. Nc3 Nxc3 6. dxc3 Be7 7. Be3 Nc6 8. Bc4 Be6 9. Bxe6 fxe6 10. Qd3 Bf6 11. h4 Qd7 12. 0-0-0 0-0-0 13. Nd4 Kb8 14. f4 e5 15. fxe5 dxe5 16. Nf5 Qf7 17. Qb5 Qxa2 18. Nd4 exd4 19. Bxd4 Bxd4 20. cxd4 Qa1+ 21. Kd2 Rxd4+ 0-1

[Event "Nova Gorica op-A 20th"]
[Site "Nova Gorica"]
[Date "2015.02.01"]
[Round "4"]
[White "Sasso, Franco"]
[Black "Muzzolini, Claudio"]
[Result "0-1"]
[WhiteElo "1407"]
[BlackElo "1765"]
[PlyCount "112"]
[EventDate "2015.01.30"]
[EventType "swiss"]
[EventRounds "9"]
[EventCountry "SLO"]
[SourceTitle "CBM 164 Extra"]
[Source "ChessBase"]
[SourceDate "2015.03.02"]
[SourceVersion "1"]
[SourceVersionDate "2015.03.02"]
[SourceQuality "1"]

1. d4 Nf6 2. Bg5 d5 3. Nd2 h6 4. Bh4 c6 5. c3 Qb6 6. Qc2 Nbd7 7. Ngf3 e6 8. e3 c5 9. Be2 Bd6 10. b3 Qc7 11. h3 g5 12. Nxg5 hxg5 13. Bxg5 Nh7 14. Bh4 Ndf8 15. Bd3 Bd7 16. f4 cxd4 17. cxd4 Qa5 18. 0-0 Rc8 19. Qd1 Bb5 20. Bxb5+ Qxb5 21. Qg4 Qd3 22. Bf2 Qg6 23. Rac1 Rxc1 24. Rxc1 Qxg4 25. hxg4 Nf6 26. g5 Ng4 27. Rc8+ Kd7 28. Rc2 Ng6 29. Nf3 Ne7 30. Ne5+ Bxe5 31. dxe5 Nf5 32. Rc3 Rc8 33. Rxc8 Kxc8 34. Kf1 Nfxe3+ 35. Bxe3 Nxe3+ 36. Kf2 Nd1+ 37. Kf1 Nc3 38. g4 Ne4 39. Ke2 Kd7 40. Ke3 b5 41. b4 Ke7 42. a3 a6 43. Kf3 Nd2+ 44. Ke2 Nc4 45. Kd3 Nxa3 46. f5 Nc4 47. Kd4 a5 48. bxa5 Nxa5 49. g6 fxg6 50. fxg6 b4 51. g5 Nc6+ 52. Kc5 Nxe5 53. g7 Kf7 54. g8Q+ Kxg8 55. Kxb4 Kg7 56. Kc5 Nf7 0-1

[Event "Nova Gorica op-A 20th"]
[Site "Nova Gorica"]
[Date "2015.01.31"]
[Round "2"]
[White "Japic, Sabina"]
[Black "Muzzolini, Claudio"]
[Result "0-1"]
[WhiteElo "1246"]
[BlackElo "1765"]
[PlyCount "116"]
[EventDate "2015.01.30"]
[EventType "swiss"]
[EventRounds "9"]
[EventCountry "SLO"]
[SourceTitle "CBM 164 Extra"]
[Source "ChessBase"]
[SourceDate "2015.03.02"]
[SourceVersion "1"]
[SourceVersionDate "2015.03.02"]
[SourceQuality "1"]

1. e4 e5 2. Nf3 Nf6 3. Nxe5 d6 4. Nf3 Nxe4 5. Nc3 Nxc3 6. dxc3 Be7 7. h3 0-0 8. Be3 Re8 9. Be2 Nc6 10. Qd2 Bf5 11. 0-0-0 Bf6 12. Kb1 h6 13. g4 Be4 14. Rhe1 Bxf3 15. Bxf3 a5 16. Bd5 Bh4 17. Rf1 Rb8 18. f4 Qe7 19. Bf2 Bxf2 20. Qxf2 Qe3 21. Qxe3 Rxe3 22. h4 Ne7 23. Bc4 b5 24. Bd3 d5 25. Rde1 Rxe1+ 26. Rxe1 Kf8 27. Kc1 c5 28. g5 c4 29. Be2 Re8 30. gxh6 gxh6 31. h5 Nf5 32. Kd2 d4 33. Bg4 dxc3+ 34. bxc3 Rd8+ 35. Kc1 Ne7 36. Rd1 Rd5 37. Rxd5 Nxd5 38. f5 Nxc3 39. a3 b4 40. axb4 axb4 41. Kd2 Nb5 42. Be2 Nd6 43. Bg4 Ke7 44. Ke3 b3 45. cxb3 cxb3 46. Bd1 Nxf5+ 47. Kd2 Nd4 48. Kc3 b2 49. Kxb2 f5 50. Kc3 Ne6 51. Kd3 Kf6 52. Ke3 Kg5 53. Bf3 Ng7 54. Kd4 Nxh5 55. Bxh5 Kxh5 56. Ke3 Kg4 57. Ke2 Kg3 58. Ke1 Kg2 0-1

[Event "Nova Gorica op-A 20th"]
[Site "Nova Gorica"]
[Date "2015.01.30"]
[Round "1"]
[White "Muzzolini, Claudio"]
[Black "Ceschia, Ivano"]
[Result "0-1"]
[WhiteElo "1765"]
[BlackElo "2260"]
[PlyCount "58"]
[EventDate "2015.01.30"]
[EventType "swiss"]
[EventRounds "9"]
[EventCountry "SLO"]
[SourceTitle "CBM 164 Extra"]
[Source "ChessBase"]
[SourceDate "2015.03.02"]
[SourceVersion "1"]
[SourceVersionDate "2015.03.02"]
[SourceQuality "1"]

1. e4 c5 2. Nf3 Nc6 3. Nc3 e6 4. d3 d5 5. exd5 exd5 6. Be2 Nf6 7. 0-0 h6 8. Re1 Bd6 9. d4 0-0 10. Nb5 Be7 11. dxc5 Bxc5 12. c3 Bg4 13. Nbd4 Re8 14. Nxc6 bxc6 15. Nd4 Bxe2 16. Rxe2 Rxe2 17. Qxe2 Bxd4 18. cxd4 Qb6 19. Be3 Re8 20. Qc2 Ng4 21. Rc1 Nxe3 22. fxe3 Rxe3 23. Qd2 Re4 24. Rd1 c5 25. dxc5 Qxc5+ 26. Qf2 Qe7 27. h3 Re2 28. Qd4 Qg5 29. Qxd5 Re1+ 0-1

[Event "Nova Gorica op-A 19th"]
[Site "Nova Gorica"]
[Date "2014.02.01"]
[Round "2"]
[White "Vasiljevic, Jan"]
[Black "Muzzolini, Claudio"]
[Result "1-0"]
[WhiteElo "1481"]
[BlackElo "1809"]
[PlyCount "97"]
[EventDate "2014.01.31"]
[EventType "swiss"]
[EventRounds "9"]
[EventCountry "SLO"]
[SourceTitle "CBM 158 Extra"]
[Source "ChessBase"]
[SourceDate "2014.02.28"]
[SourceVersion "1"]
[SourceVersionDate "2014.02.28"]
[SourceQuality "1"]

1. e4 e5 2. Nf3 Nf6 3. Nxe5 d6 4. Nf3 Nxe4 5. Nc3 Nxc3 6. dxc3 Be7 7. Be3 c5 8. Bc4 0-0 9. Bd5 Nd7 10. 0-0 Nf6 11. c4 Rb8 12. a4 Bg4 13. Bf4 Qd7 14. Qd3 Bf5 15. Qd2 Rbe8 16. Rfe1 Nxd5 17. cxd5 Bf6 18. c4 h6 19. a5 Re4 20. Rxe4 Bxe4 21. Re1 Bxf3 22. gxf3 Rd8 23. b4 b6 24. b5 Qf5 25. axb6 axb6 26. Qe3 Qd7 27. Qa3 g5 28. Bd2 Be5 29. Kg2 f6 30. Re4 f5 31. Re2 Qe8 32. Bc3 Qe7 33. Bxe5 dxe5 34. Qa6 Qd6 35. Qb7 h5 36. Qc6 Kf7 37. Qxd6 Rxd6 38. Rxe5 Kf6 39. Re2 f4 40. h4 g4 41. Re8 Kf5 42. fxg4+ hxg4 43. f3 gxf3+ 44. Kxf3 Rh6 45. Rf8+ Kg6 46. Rxf4 Kh5 47. Ke4 Rg6 48. Ke5 Rg1 49. d6 1-0

[Event "Udine Tre Circoli op"]
[Site "Udine"]
[Date "2012.02.25"]
[Round "5"]
[White "Muzzolini, Claudio"]
[Black "Willis, Daniel"]
[Result "0-1"]
[WhiteElo "1841"]
[BlackElo "1715"]
[PlyCount "90"]
[EventDate "2012.01.21"]
[EventType "swiss"]
[EventRounds "7"]
[EventCountry "ITA"]
[SourceTitle "EXT 2014"]
[Source "ChessBase"]
[SourceDate "2013.11.20"]
[SourceVersion "1"]
[SourceVersionDate "2013.11.20"]
[SourceQuality "1"]

1. e4 e6 2. Bc4 d5 3. exd5 exd5 4. Bb3 Nf6 5. d3 Bd6 6. Bg5 c6 7. Qe2+ Be6 8. Nd2 a5 9. a3 a4 10. Ba2 Nbd7 11. Ngf3 0-0 12. 0-0 Re8 13. Rfe1 Qc7 14. Qf1 Qb6 15. Rab1 h6 16. Be3 Qc7 17. h3 c5 18. d4 b6 19. Rbc1 c4 20. c3 Bf5 21. Bb1 Bxb1 22. Rxb1 Nb8 23. Re2 Nc6 24. Rbe1 Na5 25. Nh4 Nb3 26. Ndf3 Qd7 27. g4 Ne4 28. Qg2 b5 29. Nf5 Bf8 30. Ne5 Rxe5 31. dxe5 b4 32. cxb4 Rc8 33. f3 Ng5 34. Rd1 Ne6 35. Nd4 c3 36. Nxe6 fxe6 37. f4 d4 38. Qe4 Qc6 39. Bc1 Qxe4 40. Rxe4 Nxc1 41. Rxc1 cxb2 42. Rb1 Rc1+ 43. Re1 Rxe1+ 44. Rxe1 Bxb4 45. axb4 a3 0-1

[Event "Udine Tre Circoli op"]
[Site "Udine"]
[Date "2012.02.04"]
[Round "2"]
[White "Degano, Emanuele"]
[Black "Muzzolini, Claudio"]
[Result "1-0"]
[WhiteElo "1725"]
[BlackElo "1841"]
[PlyCount "45"]
[EventDate "2012.01.21"]
[EventType "swiss"]
[EventRounds "7"]
[EventCountry "ITA"]
[SourceTitle "EXT 2014"]
[Source "ChessBase"]
[SourceDate "2013.11.20"]
[SourceVersion "1"]
[SourceVersionDate "2013.11.20"]
[SourceQuality "1"]

1. e4 e5 2. Nf3 Nc6 3. Bc4 Bc5 4. b4 Bxb4 5. c3 Ba5 6. 0-0 Nf6 7. Ba3 d6 8. d4 Nxe4 9. d5 Nxc3 10. Nxc3 Bxc3 11. Rc1 Ba5 12. dxc6 0-0 13. Qd5 b6 14. Rfd1 Qe8 15. Qe4 h6 16. Rd3 Kh8 17. Qh4 f6 18. Nd2 Bf5 19. Rf3 Bxd2 20. Rxf5 Bg5 21. Qh3 g6 22. Rxg5 fxg5 23. Qxh6# 1-0

[Event "Nova Gorica op-A 17th"]
[Site "Nova Gorica"]
[Date "2012.01.31"]
[Round "7"]
[White "Muzzolini, Claudio"]
[Black "Brcar, Ales"]
[Result "0-1"]
[WhiteElo "1841"]
[BlackElo "1990"]
[PlyCount "52"]
[EventDate "2012.01.27"]
[EventType "swiss"]
[EventRounds "9"]
[EventCountry "SLO"]
[SourceTitle "CBM 146 Extra"]
[Source "ChessBase"]
[SourceDate "2012.02.29"]
[SourceVersion "1"]
[SourceVersionDate "2012.02.29"]
[SourceQuality "1"]

1. Nf3 d5 2. g3 Nf6 3. Bg2 Nbd7 4. 0-0 e5 5. d3 Bc5 6. Bg5 h6 7. Bd2 0-0 8. Qc1 Re8 9. Bxh6 gxh6 10. Qxh6 Bf8 11. Qh4 Bg7 12. Ng5 Nf8 13. Qb4 Qe7 14. Qb3 c6 15. Nd2 Ne6 16. Nxe6 Bxe6 17. c4 Rad8 18. Qa4 dxc4 19. Qxa7 cxd3 20. exd3 Rxd3 21. Nf3 Bd5 22. Nh4 Bxg2 23. Kxg2 Qd7 24. a4 e4 25. Rae1 Nd5 26. Re2 Nf4+ 0-1

[Event "Nova Gorica op-A 17th"]
[Site "Nova Gorica"]
[Date "2012.01.29"]
[Round "5"]
[White "Opalic, David"]
[Black "Muzzolini, Claudio"]
[Result "0-1"]
[WhiteElo "1631"]
[BlackElo "1841"]
[PlyCount "66"]
[EventDate "2012.01.27"]
[EventType "swiss"]
[EventRounds "9"]
[EventCountry "SLO"]
[SourceTitle "CBM 146 Extra"]
[Source "ChessBase"]
[SourceDate "2012.02.29"]
[SourceVersion "1"]
[SourceVersionDate "2012.02.29"]
[SourceQuality "1"]

1. e4 e5 2. Nf3 Nf6 3. Nxe5 d6 4. Nf3 Nxe4 5. Nc3 Nxc3 6. dxc3 Be7 7. Be3 0-0 8. Qd2 Bg4 9. Be2 Nc6 10. 0-0-0 Re8 11. Rde1 Bf6 12. Kb1 Qd7 13. h4 h5 14. g3 a5 15. Nh2 Bxe2 16. Qxe2 b5 17. Qxh5 b4 18. c4 Re5 19. Qf3 Rae8 20. Ng4 Rf5 21. Qd1 Bd8 22. h5 a4 23. b3 Ne5 24. Nxe5 Rfxe5 25. Reg1 axb3 26. cxb3 Ra5 27. Qc2 Bf6 28. g4 Rea8 29. g5 Bc3 30. h6 Rxa2 31. Qxa2 Qf5+ 32. Kc1 Rxa2 33. h7+ Kh8 0-1

[Event "Nova Gorica op-A 17th"]
[Site "Nova Gorica"]
[Date "2012.01.28"]
[Round "2"]
[White "Muzzolini, Claudio"]
[Black "Brcar, Matej"]
[Result "1/2-1/2"]
[WhiteElo "1841"]
[BlackElo "1592"]
[PlyCount "144"]
[EventDate "2012.01.27"]
[EventType "swiss"]
[EventRounds "9"]
[EventCountry "SLO"]
[SourceTitle "CBM 146 Extra"]
[Source "ChessBase"]
[SourceDate "2012.02.29"]
[SourceVersion "1"]
[SourceVersionDate "2012.02.29"]
[SourceQuality "1"]

1. e4 e5 2. Nf3 Nc6 3. Bc4 Bc5 4. c3 Nf6 5. d3 d6 6. h3 a6 7. a4 a5 8. Bg5 h6 9. Bc1 Be6 10. Bb5 Bd7 11. 0-0 0-0 12. Re1 Ne7 13. d4 exd4 14. cxd4 Bb4 15. Nc3 Bxb5 16. axb5 Qd7 17. Qd3 Rfe8 18. Re3 Ng6 19. Ne2 Re7 20. b3 Rae8 21. Nd2 Bxd2 22. Bxd2 Rxe4 23. Rxa5 Qe6 24. Ra7 Qd5 25. Qc4 Rxe3 26. Bxe3 Qxc4 27. bxc4 Rb8 28. f3 Ne7 29. g4 Nc8 30. Ra1 Nb6 31. c5 Nc4 32. Bc1 Nd5 33. Kf2 dxc5 34. dxc5 Nb4 35. Ra4 Nd3+ 36. Kg3 Nxc1 37. Nxc1 Ne5 38. Ra7 Nd7 39. Nd3 Nf8 40. f4 Ne6 41. b6 cxb6 42. cxb6 Rd8 43. Nf2 Nc5 44. f5 Rd6 45. Ra8+ Kh7 46. Rc8 Na6 47. Rf8 f6 48. h4 Rxb6 49. Ne4 Rb3+ 50. Kf4 Rb4 51. Ke3 Nc7 52. g5 Nd5+ 53. Kf3 hxg5 54. hxg5 Rb3+ 55. Kf2 fxg5 56. Nxg5+ Kh6 57. Nf7+ Kh5 58. Rg8 Kg4 59. Nd6 Rb2+ 60. Ke1 Kf3 61. Rxg7 b5 62. Kd1 b4 63. f6 Rf2 64. f7 Ke3 65. Rg3+ Kd4 66. Rg5 Rf6 67. Kc1 Ne7 68. Rb5 Ng6 69. Rxb4+ Kd3 70. Rg4 Ne5 71. Rg7 Rf1+ 72. Kb2 Nc4+ 1/2-1/2

[Event "Nova Gorica op-A 17th"]
[Site "Nova Gorica"]
[Date "2012.01.28"]
[Round "3"]
[White "Zupancic, Urban"]
[Black "Muzzolini, Claudio"]
[Result "0-1"]
[WhiteElo "1921"]
[BlackElo "1841"]
[PlyCount "90"]
[EventDate "2012.01.27"]
[EventType "swiss"]
[EventRounds "9"]
[EventCountry "SLO"]
[SourceTitle "CBM 146 Extra"]
[Source "ChessBase"]
[SourceDate "2012.02.29"]
[SourceVersion "1"]
[SourceVersionDate "2012.02.29"]
[SourceQuality "1"]

1. e4 e5 2. Nc3 Nc6 3. g3 Nf6 4. Bg2 d6 5. Nge2 Ne7 6. d4 Bd7 7. 0-0 Ng6 8. h3 Be7 9. Be3 Qc8 10. Kh2 Rb8 11. f4 exf4 12. Nxf4 c6 13. e5 dxe5 14. dxe5 Nxe5 15. Bd4 Ng6 16. Qe2 Nxf4 17. Rxf4 Be6 18. Bxa7 Ra8 19. Bd4 0-0 20. Raf1 Qd8 21. Rd1 Qa5 22. Qe3 Nh5 23. Re4 Nf6 24. Rxe6 fxe6 25. Qxe6+ Rf7 26. Bxf6 Bxf6 27. Rd7 Raf8 28. Rxb7 Bxc3 29. bxc3 Qxc3 30. Bxc6 Qxc2+ 31. Bg2 Qf2 32. Kh1 Kh8 33. Rxf7 Rxf7 34. Qd5 Rf8 35. Kh2 h6 36. a4 Qf5 37. Qxf5 Rxf5 38. Bc6 Rf2+ 39. Kg1 Ra2 40. Kf1 g5 41. g4 Kg7 42. Bb5 Kf6 43. Kg1 Ke5 44. Bc6 Kf4 45. a5 Kg3 0-1

[Event "Udine Tre Circoli op"]
[Site "Udine"]
[Date "2012.01.21"]
[Round "1"]
[White "Muzzolini, Claudio"]
[Black "Dizorz, Marco"]
[Result "1-0"]
[WhiteElo "1841"]
[BlackElo "1529"]
[PlyCount "101"]
[EventDate "2012.01.21"]
[EventType "swiss"]
[EventRounds "7"]
[EventCountry "ITA"]
[SourceTitle "EXT 2014"]
[Source "ChessBase"]
[SourceDate "2013.11.20"]
[SourceVersion "1"]
[SourceVersionDate "2013.11.20"]
[SourceQuality "1"]

1. e4 d5 2. exd5 Qxd5 3. Nc3 Qa5 4. Bc4 Nf6 5. Nge2 e6 6. d3 c6 7. h3 Be7 8. 0-0 0-0 9. Ng3 h6 10. Bd2 Qc7 11. Qf3 Nbd7 12. Bb3 b6 13. Nge4 Nxe4 14. Nxe4 Bf6 15. c3 Bb7 16. Rad1 c5 17. Qg3 Qxg3 18. Nxg3 Ne5 19. Be3 Rad8 20. d4 cxd4 21. Bxd4 Nd7 22. Be3 Be5 23. f4 Bc7 24. Bc2 Nf6 25. c4 Rxd1 26. Rxd1 Rd8 27. Rxd8+ Bxd8 28. Kf2 Be7 29. a3 Nd7 30. b4 g5 31. Be4 Bxe4 32. Nxe4 gxf4 33. Bxf4 Kg7 34. Bd6 Bxd6 35. Nxd6 Kg6 36. Nb7 f5 37. c5 bxc5 38. bxc5 Kf6 39. Ke3 Ke5 40. c6 Nb6 41. Kd3 Kd5 42. Nd8 Kd6 43. Nf7+ Kxc6 44. Nxh6 Kd5 45. Nf7 Nc4 46. h4 Nxa3 47. h5 e5 48. h6 e4+ 49. Ke2 Ke6 50. h7 Kxf7 51. h8Q 1-0

[Event "Udine Oro Caffe op 3rd"]
[Site "Udine"]
[Date "2010.07.11"]
[Round "7"]
[White "Gabassi, Cristina"]
[Black "Muzzolini, Claudio"]
[Result "0-1"]
[WhiteElo "1621"]
[BlackElo "1809"]
[PlyCount "115"]
[EventDate "2010.07.05"]
[EventType "swiss"]
[EventRounds "7"]
[EventCountry "ITA"]
[SourceTitle "EXT 2024"]
[Source "ChessBase"]
[SourceDate "2023.10.10"]
[SourceVersion "1"]
[SourceVersionDate "2023.10.10"]
[SourceQuality "1"]

1. e4 e5 2. Nf3 Nc6 3. Bb5 f5 4. d3 fxe4 5. dxe4 d6 6. Nc3 Nf6 7. Bg5 Be7 8. Qe2 Bd7 9. 0-0 0-0 10. Rad1 Qc8 11. Rd2 Kh8 12. Nd1 Bg4 13. c3 Nh5 14. Bxe7 Nxe7 15. Qe3 Bxf3 16. gxf3 Nf4 17. Kh1 Rf6 18. Rg1 Qh3 19. Bf1 Qh5 20. Rg3 b6 21. c4 Raf8 22. Nc3 Ne6 23. Nd5 Nxd5 24. cxd5 Nd4 25. Rh3 Qf7 26. Bg2 Rf4 27. Rd3 Qd7 28. Rg3 Qa4 29. a3 Qc2 30. Qd2 Qb1+ 31. Qd1 Qxb2 32. Qd2 Qxd2 33. Rxd2 g6 34. Kg1 Kg7 35. Rg4 Nxf3+ 36. Bxf3 Rxf3 37. Rg3 Rxg3+ 38. hxg3 Kf6 39. Rc2 Rf7 40. Kf1 Kg5 41. a4 a5 42. Kg1 h5 43. Kf1 h4 44. gxh4+ Kxh4 45. Rc3 g5 46. Kg2 g4 47. Rc4 Kg5 48. Rc3 Rg7 49. Kg3 Rh7 50. Rc4 Rg7 51. Rc3 Rh7 52. Rc4 Kh6 53. Rc3 Kg7 54. Rc4 Kh8 55. Kg2 Rf7 56. Kg3 Rf8 57. Rc3 Kg8 58. Kg2 0-1

[Event "Nova Gorica op-B 15th"]
[Site "Nova Gorica"]
[Date "2010.02.02"]
[Round "4"]
[White "Picco, Ruggero"]
[Black "Muzzolini, Claudio"]
[Result "1-0"]
[WhiteElo "2062"]
[BlackElo "1811"]
[PlyCount "91"]
[EventDate "2010.01.31"]
[EventType "swiss"]
[EventRounds "9"]
[EventCountry "SLO"]
[SourceTitle "CBM 134 Extra"]
[Source "ChessBase"]
[SourceDate "2010.03.03"]
[SourceVersion "1"]
[SourceVersionDate "2010.03.03"]
[SourceQuality "1"]

1. e4 c5 2. g3 Nc6 3. Bg2 e6 4. d3 b5 5. f4 Qb6 6. Be3 Bb7 7. Nd2 Rd8 8. Ngf3 d5 9. exd5 exd5 10. 0-0 Be7 11. Re1 Nf6 12. Kh1 0-0 13. Bg1 Rfe8 14. a3 Qc7 15. Nb3 Nd7 16. c3 Bd6 17. d4 c4 18. Nbd2 Nf6 19. Ne5 Bc8 20. Qc2 Ne7 21. h3 Bf5 22. Qd1 Ng6 23. Re3 Qc8 24. Qf1 Re7 25. Rae1 Rde8 26. Bh2 Qb7 27. Bf3 Bd3 28. Qg2 Nf8 29. g4 a5 30. Bg3 b4 31. axb4 axb4 32. Ndxc4 Bxc4 33. Nxc4 Rxe3 34. Rxe3 Rxe3 35. Nxe3 bxc3 36. bxc3 Qc7 37. Nxd5 Nxd5 38. Bxd5 Qxc3 39. Qf2 Ng6 40. Bg2 Bb4 41. f5 Ne7 42. Bb7 Kf8 43. Qf4 Qc2 44. Bf2 Nc6 45. d5 Nd8 46. Qxb4+ 1-0

[Event "Udine Oro Caffe op 2nd"]
[Site "Udine"]
[Date "2009.07.10"]
[Round "5"]
[White "Muzzolini, Claudio"]
[Black "Bozza, Stefano"]
[Result "0-1"]
[WhiteElo "1810"]
[BlackElo "1560"]
[PlyCount "104"]
[EventDate "2009.07.06"]
[EventType "swiss"]
[EventRounds "7"]
[EventCountry "ITA"]
[SourceTitle "EXT 2011"]
[Source "ChessBase"]
[SourceDate "2010.11.26"]
[SourceVersion "1"]
[SourceVersionDate "2010.11.26"]
[SourceQuality "1"]

1. e4 e5 2. Nf3 Nc6 3. Bb5 a6 4. Ba4 Bc5 5. c3 b5 6. Bb3 Nge7 7. 0-0 0-0 8. d4 exd4 9. cxd4 Bb6 10. Bg5 Kh8 11. d5 Na5 12. d6 cxd6 13. Bd5 Bb7 14. Nc3 f6 15. Bf4 Bc7 16. Re1 Nac6 17. Bb3 Ne5 18. Nd5 Nxf3+ 19. Qxf3 Bxd5 20. exd5 Ng6 21. Bg3 Re8 22. Bc2 Rxe1+ 23. Rxe1 Ne5 24. Qe4 g6 25. Bh4 Kg7 26. f4 Nf7 27. Kh1 Bb6 28. g4 Rc8 29. Bd3 Ba7 30. Rf1 Qe8 31. Qf3 Qe3 32. Kg2 Qd2+ 33. Bf2 Qxb2 34. Kg3 Bxf2+ 35. Rxf2 Qd4 36. Rc2 Rxc2 37. Bxc2 Qg1+ 38. Kh3 g5 39. Qg3 Qf1+ 40. Qg2 Qxf4 41. Qe4 Qxe4 42. Bxe4 Ne5 43. Kg3 Nc4 44. Kf2 Nb6 45. Ke3 a5 46. h3 h6 47. Kd3 b4 48. Kd4 Kf7 49. Bc2 a4 50. Be4 Ke7 51. Bg2 a3 52. Be4 b3 0-1

[Event "Nova Gorica op-B 14th"]
[Site "Nova Gorica"]
[Date "2009.02.06"]
[Round "8"]
[White "Muzzolini, Claudio"]
[Black "Zavrtanik, Uros"]
[Result "1-0"]
[WhiteElo "1848"]
[BlackElo "1558"]
[PlyCount "51"]
[EventDate "2009.01.31"]
[EventType "swiss"]
[EventRounds "9"]
[EventCountry "SLO"]
[SourceTitle "EXT 2011"]
[Source "ChessBase"]
[SourceDate "2010.11.26"]
[SourceVersion "1"]
[SourceVersionDate "2010.11.26"]
[SourceQuality "1"]

1. Nf3 Nc6 2. d4 d5 3. g3 Bf5 4. Bg2 Nf6 5. c3 e6 6. Nbd2 Be7 7. 0-0 0-0 8. Nh4 Re8 9. f3 Bd6 10. e4 dxe4 11. Nxe4 Bxe4 12. fxe4 e5 13. Bg5 Be7 14. Nf5 exd4 15. cxd4 h6 16. Bh4 Nxd4 17. Nxe7+ Rxe7 18. Rxf6 g5 19. Rxh6 Rd7 20. Qh5 Ne2+ 21. Qxe2 gxh4 22. Qg4+ Kf8 23. Rh8+ Ke7 24. Qxh4+ f6 25. Rxd8 Raxd8 26. Rf1 1-0